| 000 | 00923nam a22002297a 4500 | ||
|---|---|---|---|
| 005 | 20150819105844.0 | ||
| 010 | _aENG-113415 | ||
| 020 |
_a8192110680 _c2800.00 |
||
| 020 |
_a9788192110684 _c2800.00 |
||
| 035 | _aEN-96947 | ||
| 037 | _bDBAD/PUB | ||
| 082 | _a720.28809544 | ||
| 245 |
_aShekhawati, havelis of the merchant princes / _cedited by Abha Narain Lambah |
||
| 260 |
_aMumbai _bThe Marg Foundation _c2013 |
||
| 270 |
_aArmy & Navy Building, 3rd Floor, 148, M.G. Road, _bMumbai _e400001 |
||
| 300 |
_a111p. : _c32cm(Hb) _bcol.ill. |
||
| 500 | _a "Vol. 65, No. 1, September 2013"--T.p. verso; simultaneously issued in serial format as an issue of Mārg. | ||
| 500 | _a Includes bibliographical references and index. | ||
| 520 | _aContributed articles on the architectural splendour of havelis in Shekhawati, India. | ||
| 700 | _aLambah, Abha Narain | ||
| 942 |
_2ddc _cEN _mSHE _h720.28809544 |
||
| 999 |
_c94769 _d94769 |
||